|
|
|
|
| LEADER |
02179cam a22004334a 4500 |
| 001 |
AAL9352 |
| 003 |
BD-DhAAL |
| 005 |
20170914135949.0 |
| 008 |
170914s2012 nyu 000 1 eng |
| 999 |
|
|
|c 38292
|d 38292
|
| 010 |
|
|
|a 2011041412
|
| 020 |
|
|
|a 9780062073419 (hardcover)
|
| 020 |
|
|
|a 9780007490622
|
| 020 |
|
|
|a 0062073419 (hardcover)
|
| 020 |
|
|
|z 9780062126894 (international ed.)
|
| 020 |
|
|
|z 006212689X (international ed.)
|
| 035 |
|
|
|a (OCoLC)ocn733224033
|
| 040 |
|
|
|a DLC
|b eng
|c DLC
|d BTCTA
|d YDXCP
|d BDX
|d ZGY
|d P@N
|d BWX
|d VP@
|d EYP
|d TXA
|d DLC
|d BD-DhAAL
|
| 050 |
0 |
0 |
|a PR6102.A525
|b S5675 2012
|
| 082 |
0 |
0 |
|a 823/.92
|2 23
|
| 100 |
1 |
|
|a Bagshawe, Tilly.
|9 22142
|
| 245 |
1 |
0 |
|a Sidney Sheldon's Angel of the dark /
|c Tilly Bagshawe.
|
| 246 |
3 |
0 |
|a Angel of the dark
|
| 250 |
|
|
|a 1st ed.
|
| 260 |
|
|
|a New York :
|b William Morrow,
|c c2012.
|
| 300 |
|
|
|a 389 p. ;
|c 22 cm.
|
| 541 |
|
|
|e 9352
|
| 650 |
|
0 |
|a Women murderers
|v Fiction.
|9 22143
|
| 650 |
|
0 |
|a Serial murders
|v Fiction.
|9 22144
|
| 650 |
|
0 |
|a Rich people
|x Crimes against
|v Fiction.
|9 22145
|
| 655 |
|
7 |
|a Mystery fiction.
|2 gsafd
|9 22146
|
| 700 |
1 |
|
|a Sheldon, Sidney.
|9 22147
|
| 852 |
|
|
|a Savar Campus Library
|c General Shelf
|
| 942 |
|
|
|2 ddc
|c BK
|
| 952 |
|
|
|0 0
|1 0
|2 ddc
|4 0
|6 823_000000000000000__92_BAG
|7 0
|9 61291
|a SCL
|b SCL
|c GEN
|d 2017-09-14
|e Tajin Boi Ghar
|g 100.00
|l 17
|m 61
|o 823.92 BAG
|p 3020009348
|r 2025-08-03
|s 2025-07-21
|t 1
|w 2017-09-14
|y BK
|
| 952 |
|
|
|0 0
|1 0
|2 ddc
|4 0
|6 823_000000000000000__92_BAG
|7 0
|9 61292
|a SCL
|b SCL
|c GEN
|d 2017-09-14
|e Tajin Boi Ghar
|g 100.00
|l 9
|m 43
|o 823.92 BAG
|p 3020009349
|r 2024-09-14
|s 2024-09-12
|t 2
|w 2017-09-14
|y BK
|
| 952 |
|
|
|0 0
|1 0
|2 ddc
|4 0
|6 823_000000000000000__92_BAG
|7 0
|9 61293
|a SCL
|b SCL
|c GEN
|d 2017-09-14
|e Tajin Boi Ghar
|g 100.00
|l 13
|m 46
|o 823.92 BAG
|p 3020009350
|r 2025-09-08
|s 2025-08-13
|t 3
|w 2017-09-14
|y BK
|
| 952 |
|
|
|0 0
|1 0
|2 ddc
|4 0
|6 823_000000000000000__92_BAG
|7 0
|9 61294
|a SCL
|b SCL
|c GEN
|d 2017-09-14
|e Tajin Boi Ghar
|g 100.00
|l 12
|m 38
|o 823.92 BAG
|p 3020009351
|r 2025-07-03
|s 2025-06-26
|t 4
|w 2017-09-14
|y BK
|
| 952 |
|
|
|0 0
|1 0
|2 ddc
|4 0
|6 823_000000000000000__92_BAG
|7 0
|9 61295
|a SCL
|b SCL
|c GEN
|d 2017-09-14
|e Tajin Boi Ghar
|g 100.00
|l 12
|m 44
|o 823.92 BAG
|p 3020009352
|r 2024-02-29
|s 2024-02-29
|t 5
|w 2017-09-14
|y BK
|